{"text_format":"1","workbook":"xlsx","n_sheets":1,"sheets":["Invoice"],"not_rendered":{"charts":0,"images":4,"macros":1,"external_links":0,"defined_names":2,"comments":0,"pivot_tables":0},"unopened":[],"bounds":{"document_bytes":16777216,"sheet_cells":100000,"rows_first":2000,"rows_last":500,"rows_between":2000,"halvings":0,"cell_chars":16384,"cell_head_chars":4096},"cells_cut":0,"cells_raw":0,"read":"whole","date_system":"1900"}

{"sheet":"Invoice","index":0,"n_rows":266,"n_cols":10,"rows_kept":266,"cut":false,"hidden":false,"merged":[[263,6,263,7],[264,6,264,7],[265,6,265,7],[0,0,0,1],[1,0,1,1],[8,0,10,1],[5,4,5,5],[7,4,10,8]]}
[]
[]
[]
[]
[]
["Expeditor ",null,null,null,"Ship-To Address :",null,null,"Date: ","2025-01-30"]
[]
["YAZAKI MOROCCO S.A",null,null,null,"YAZAKI KENITRA SA. Km 9 Route de Tanger, Nkhakhssa\n14000 KENITRA\nMOROCCO"]
["Nippon Express Lot n°38 / Extension TAC2- \n(lot 38-A) Free Zone Automotive City 90060 TANGER"]
[]
[]
[]
[" INVOICE N°:","9087141765-9087141766-9087141767"]
["TU :",6500033574]
["INCOTERM :","EXW"]
["PART NUMBER","QTY","UNIT OF MEASURE","DESIGNATION","ORIGIN","NET WEIGHT","WEIGHT TOTAL","PRICE/UNIT"," VALUE"]
["430211940",3168,"M","PVC/Vinyl Tape 19mm W","IT",1E-4,0.31680000000000003,1.3828914141414142E-2,43.81]
["4309430H0",3000,"M","Paper/Cellulose Tape 30mm C","DE",3.5800000000000003E-3,10.74,2.232E-2,66.959999999999994]
["430EA1930",62400,"M","Textile/Cloth Tape 19mm B","DE",4.6550000000000003E-3,290.47200000000004,3.751987179487179E-2,2341.2399999999998]
["430FF0930",12672,"M","PVC/Vinyl Tape 9mm B","IT",1.305E-3,16.536960000000001,4.5202020202020207E-3,57.280000000000008]
["430FF1930",110880,"M","PVC/Vinyl Tape 19mm B","IT",1.4499999999999999E-3,160.77599999999998,1.1829996392496394E-2,1311.71]
["430J91930",38880,"M","Textile/Cloth Tape 19mm B","DE",4.13E-3,160.5744,2.9759773662551441E-2,1157.06]
["430Q81940",9600,"M","Paper/Cellulose Tape 19mm BE","DE",1.786E-3,17.145600000000002,9.1395833333333329E-3,87.74]
["7003797902",396,"PC","M6 STRAIGHT TERMINAL","FR",1.469E-2,5.81724,0.4606565656565656,182.42]
["7003798102",601,"PC","TERMINAL 6 COPPER RANGE 18 ANTIROTATION","FR",1.9859999999999999E-2,11.93586,0.59559068219633948,357.95000000000005]
["7003809102",550,"PC","Eyelet Terminal 6mm","FR",1.9599999999999999E-2,10.78,0.55061818181818178,302.83999999999997]
["7003824402",550,"PC","Battery Terminal 8.4mm","PT",1.83E-2,10.065,0.6327454545454545,348.01]
["7009551402",7600,"PC","RING TERMINAL 06.5","FR",2.1800000000000001E-3,16.568000000000001,5.2730263157894738E-2,400.75]
["7009630802",12000,"PC","TERMINAL","FR",2.5000000000000001E-3,30,5.8590000000000003E-2,703.08]
["7009739902",6000,"PC","STRAIGHT TERMINAL M5","FR",2.5499999999999997E-3,15.299999999999999,0.14329,859.74]
["70393212",6564,"PC","Shrink Tube 4.85mm L:65mm  B","CZ",1.598E-3,10.489272,2.6299512492382694E-2,172.63]
["7047009730",3000,"PC","Band Clip 164mm","PL",1.8999999999999998E-3,5.6999999999999993,1.6709999999999999E-2,50.129999999999995]
["7047013340",5000,"PC","Band Clip 161.4mm","DE",1.4999999999999998E-3,7.4999999999999991,3.2119999999999996E-2,160.59999999999997]
["7047055330",29267,"PC","Band Clip 125mm","FR",1.4999999999999998E-3,43.900499999999994,1.0670037926675095E-2,312.27999999999997]
["7047304730",1400,"PC","Band Clip 175.45mm","FR",1.9380000000000001E-3,2.7132000000000001,2.8457142857142858E-2,39.840000000000003]
["7047304830",5500,"PC","Band Clip 140mm","FR",1.8000000000000002E-3,9.9,2.0430909090909093E-2,112.37000000000002]
["7047305630",5000,"PC","Cable Tie 162.6mm","GB",1.6000000000000001E-3,8,2.2631999999999999E-2,113.16]
["7047350930",7500,"PC","Cable Tie 202mm","GB",1.3999999999999998E-3,10.499999999999998,1.4830666666666667E-2,111.23]
["7047376430",2000,"PC","Cable Tie 100mm","SG",2.9999999999999996E-3,5.9999999999999991,3.81E-3,7.62]
["7047393630",1000,"PC","Cable Tie 145mm","SG",4.0999999999999995E-3,4.0999999999999996,8.5800000000000008E-3,8.58]
["7047625930",1400,"PC","Tape Clip","FR",4.2000000000000006E-3,5.8800000000000008,3.5871428571428568E-2,50.219999999999992]
["7047768030",37000,"PC","Cable Tie 144mm","SG",4.1999999999999997E-3,155.39999999999998,7.6900000000000007E-3,284.53000000000003]
["7047771030",2500,"PC","Band Clip 166.4mm","DE",8.0000000000000002E-3,20,3.0880000000000001E-2,77.2]
["7047790030",4000,"PC","Cable Tie 275mm","GB",1.8899999999999998E-3,7.5599999999999987,2.1530000000000001E-2,86.12]
["7047797530",1000,"PC","Band Clip 168.2mm","DE",1.3500000000000001E-3,1.35,1.507E-2,15.07]
["7047798330",1000,"PC","Band Clip 160mm","DE",2.9999999999999996E-3,2.9999999999999996,4.7719999999999999E-2,47.72]
["7052123930",2134,"PC","Tape Clip","FR",7.2999999999999992E-3,15.578199999999999,9.3289597000937197E-2,199.07999999999998]
["7052131330",1800,"PC","Tape Clip","US",2.1000000000000003E-3,3.7800000000000007,8.3988888888888891E-2,151.18]
["7052702030",4500,"PC","Band Clip 165mm","FR",1.5889999999999999E-3,7.1504999999999992,1.6420000000000001E-2,73.89]
["7052765630",5991,"PC","Band Clip 137.5mm","FR",1.1000000000000001E-3,6.5901000000000005,2.7289267234184608E-2,163.48999999999998]
["7052784730",1000,"PC","Band Clip 198.000mm","FR",4.4999999999999997E-3,4.5,8.7829999999999991E-2,87.83]
["7075209630",300,"PC","TRAVERSEE DE TABLIER","MA",5.0000000000000001E-3,1.5,1.26,378]
["7090634330",4992,"PC","Textile/Cloth Tape 145mm B","DE",4.9200000000000008E-3,24.560640000000003,6.8900240384615383E-2,343.95]
["7090634830",2304,"PC","525D Y 145MM130MM BK","DE",5.2000000000000006E-3,11.980800000000002,7.467013888888889E-2,172.04]
["7090640430",1032,"PC","CERTOPLAST 525 DY WITH PERFORATION","PT",1.1999999999999999E-2,12.383999999999999,0.16425387596899224,169.51]
["7090667240",3105,"PC","Soft/Foam Tape 50.000x240.000mm B","MA",8.4000000000000012E-3,26.082000000000004,0.16038003220611916,497.97999999999996]
["7090667310",2024,"PC","Soft/Foam Tape 10x220mm DGY","PT",1.73E-3,3.5015200000000002,5.4412055335968379E-2,110.13]
["7090689730",696,"PC","Textile/Cloth Tape 145mm B","PT",1.763E-2,12.270479999999999,0.24178160919540231,168.28]
["7116217502",5100,"PC","Terminal NG1 Female 6.3mm Unsealed","DE",9.300000000000001E-3,47.430000000000007,3.7350980392156861E-2,190.48999999999998]
["71163250",2640,"PC","Terminal 375 L Female 9.5mm Unsealed","JP",3.6000000000000003E-3,9.5040000000000013,7.1670454545454551E-2,189.21]
["7116414606",6000,"PC","Terminal MCP Female 6.3mm Unsealed","BE",7.7300000000000008E-3,46.38,5.7860000000000002E-2,347.16]
["7116490306",10500,"PC","Terminal MCP Female 2.8mm Unsealed","CH",5.9999999999999993E-3,62.999999999999993,2.5980000000000003E-2,272.79000000000002]
["7116545206",5100,"PC","AMP MCP6.3/4.8 FLATCONTACT","CH",1.0089999999999999E-3,5.1458999999999993,7.6239215686274509E-2,388.82]
["7116591502",2600,"PC","Terminal NG1 Female 8.0mm Unsealed","DE",2.3E-3,5.9799999999999995,0.06,156]
["7116591602",7200,"PC","Terminal NG1 Female 8.0mm Sealed","DE",2.3E-3,16.559999999999999,6.0740277777777775E-2,437.33]
["7116695502",34400,"PC","Terminal Sicma-3 Plus Female 1.5mm Unsea","FR",5.9800000000000001E-3,205.71199999999999,1.2929941860465116E-2,444.79]
["7116695802",14400,"PC","Terminal Sicma-3 Plus Female 1.5mm Unsea","FR",5.96E-3,85.823999999999998,1.2150000000000001E-2,174.96]
["7119176730",254,"PC","Connector (IH) 26p MQS Black","BE",2.1000000000000003E-3,0.5334000000000001,7.4133858267716526E-2,18.829999999999998]
["7119610390",1339,"PC","Connector 20p MQS Blue","CN",1.6200000000000001E-3,2.1691800000000003,3.5675877520537719E-2,47.77]
["7119643260",1351,"PC","Connector (IH) 18p MQS Green","CN",1.4980000000000002E-3,2.0237980000000002,5.264248704663213E-2,71.12]
["7119647060",404,"PC","Connector (IH) 36p MQS Green","CN",2.9969999999999997E-3,1.210788,6.4702970297029705E-2,26.14]
["7119654080",1669,"PC","Connector (IH) 38p MQS+NanoMQS Brown","CH",3.15E-3,5.2573499999999997,3.6309167165967646E-2,60.6]
["7119654190",395,"PC","Connector (IH) 38p MQS+NanoMQS Blue","MX",3.15E-3,1.2442500000000001,3.6607594936708863E-2,14.46]
["71196542",350,"PC","Connector (IH) 26p MCON+NanoMQS Natural","CH",4.5799999999999999E-3,1.603,4.2257142857142854E-2,14.79]
["7125077502",3000,"PC","Ferrule","US",9.4999999999999998E-3,28.5,0.29292000000000001,878.76]
["71250776",4000,"PC","Ferrule","US",3.7000000000000002E-3,14.8,0.22428000000000001,897.12]
["7125918450",422,"PC","Rear Spacer Holder","IT",3.3400000000000001E-3,1.4094800000000001,0.21305687203791468,89.91]
["71275046",3024,"PC","Mini-Fuse Blue","MX",5.9999999999999993E-3,18.143999999999998,2.1121031746031745E-2,63.87]
["71275047",2929,"PC","Mini-Fuse Yellow","MX",5.9999999999999993E-3,17.573999999999998,2.0611130078525094E-2,60.370000000000005]
["71275211",1013,"PC","Midi Fuse 80 A White","MX",1.8000000000000002E-3,1.8234000000000001,0.18756169792694966,190]
["7134419370",530,"PC","COVER Y W/H/D  23/48/30.5","FR",5.7000000000000002E-3,3.0209999999999999,0.18788679245283019,99.58]
["7134964730",918,"PC","5 WAY REAR CAP WIRE LEFT-RIGHT EXIT","MA",1E-4,9.1800000000000007E-2,9.3572984749455343E-2,85.9]
["7147862130",2025,"PC","Tape Clip","CZ",6.4000000000000003E-3,12.96,8.6320987654320992E-3,17.48]
["71505477W3",2000,"PC","Screw 43.100mm","TW",3.2400000000000003E-3,6.48,3.8755000000000005E-2,77.510000000000005]
["7152508830",4009,"PC","Connector Clip","FR",9.7999999999999997E-3,39.288199999999996,1.2479421302070342E-2,50.03]
["7152569030",1025,"PC","AGRAFE SUPPORT CONNECTEUR","FR",8.9999999999999993E-3,9.2249999999999996,5.7960975609756098E-2,59.41]
["7157303770",20000,"PC","Single Wire Seal Yellow","DE",5.9999999999999995E-4,11.999999999999998,4.4600000000000004E-3,89.2]
["71573778",20254,"PC","Single Wire Seal Blue","AE",8.9999999999999998E-4,18.2286,2.8201836674237187E-3,57.12]
["7158335470",5000,"PC","Single Wire Seal Yellow","DE",2.0999999999999999E-3,10.5,2.4799999999999999E-2,124]
["7158345670",3000,"PC","Single Wire Seal Yellow","DE",4.0000000000000001E-3,12,3.7960000000000001E-2,113.88]
["7158347440",60000,"PC","Single Wire Seal Gray","DE",9.2000000000000003E-4,55.2,7.2900000000000005E-3,437.40000000000003]
["7158381170",1030,"PC","Single Wire Seal Yellow","IT",8.0000000000000002E-3,8.24,2.6796116504854372E-2,27.6]
["7171283230",384,"PC","SHELL HOUSING","PT",3.8899999999999997E-2,14.9376,0.6016145833333334,231.02000000000004]
["7171735930",172,"PC","Box Cover Black","MA",3.1E-2,5.3319999999999999,0.95581395348837217,164.4]
["7171902030",234,"PC","Box Cover Black","MA",1.6500000000000001E-2,3.8610000000000002,0.61059829059829063,142.88]
["7171903630",240,"PC","Box Cover Black","MA",0.03,7.1999999999999993,0.42400000000000004,101.76]
["7172147410",2000,"PC","Rear Spacer Holder","TW",2.7599999999999999E-3,5.52,0.37039999999999995,740.8]
["7172506760",1500,"PC","Seal Green","US",1.34E-3,2.0100000000000002,0.16853333333333334,252.8]
["7173273430",4783,"PC","Clamp","DE",4.2000000000000006E-3,20.088600000000003,6.1662136734267195E-2,294.93]
["7174026930",906,"PC","Routing Cover Black","MA",1.7100000000000001E-3,1.5492600000000001,4.5496688741721851E-2,41.22]
["7174032230",1203,"PC","Routing Cover Black","DE",2E-3,2.4060000000000001,4.978387364921031E-2,59.89]
["7174054530",635,"PC","Routing Cover Black","DE",1.67E-3,1.0604500000000001,4.6566929133858265E-2,29.569999999999997]
["7174071130",385,"PC","Routing Cover Black","CN",7.0499999999999998E-3,2.7142499999999998,9.8701298701298706E-2,38]
["7174206030",78,"PC","24P 20X1.2+4X2.8 WP HYB SYSTEM M/F COVER","PT",1.3610000000000001E-2,1.06158,0.22948717948717948,17.899999999999999]
["7174241030",511,"PC","DOWNWARDS REAR COVER","FR",5.8300000000000001E-3,2.9791300000000001,7.1780821917808213E-2,36.68]
["7174949040",242,"PC","Mat Seal Cover Gray","DE",6.7949999999999998E-3,1.64439,0.19780991735537193,47.870000000000005]
["7176193230",2156,"PC","Channel","MA",3.4500000000000003E-2,74.382000000000005,0.71479591836734691,1541.1]
["7176772930",440,"PC","Channel","PT",3.3000000000000002E-2,14.520000000000001,0.21472727272727274,94.48]
["7176773330",400,"PC","Channel","MA",2.5000000000000001E-2,10,0.15215000000000001,60.86]
["7176808530",18,"PC","Channel","MA",2.6800000000000001E-2,0.4824,0.77888888888888885,14.02]
["7176808630",324,"PC","Channel","MA",2.6800000000000001E-2,8.6832000000000011,0.42703703703703699,138.35999999999999]
["7176822730",296,"PC","Channel","MA",7.4999999999999997E-2,22.2,0.23831081081081082,70.540000000000006]
["7176829430",632,"PC","Channel","MA",1.08E-3,0.68256000000000006,0.54794303797468358,346.3]
["7176829530",368,"PC","Channel","MA",2.1100000000000001E-2,7.7648000000000001,0.50951086956521741,187.5]
["7176837930",300,"PC","Channel","MA",0.01,3,0.33453333333333335,100.36]
["7183334230",674,"PC","Connector 6p NSCC+Other Black","US",3.5000000000000001E-3,2.359,7.6498516320474774E-2,51.559999999999995]
["7185048551",400,"PC","END CAP 2X 6.0MM","DE",3.6000000000000003E-3,1.4400000000000002,0.13550000000000001,54.2]
["7185069330",800,"PC","INSULATOR","DE",3.6000000000000003E-3,2.8800000000000003,0.17978750000000002,143.83000000000001]
["7185072151",117,"PC","COVER SEAL","IT",3.6669999999999997E-3,0.42903899999999995,0.21136752136752138,24.73]
["71850861",1000,"PC","SHIELDING PLATE","DE",1.8000000000000002E-3,1.8000000000000003,5.8569999999999997E-2,58.57]
["7185093804",800,"PC","OUTER CONDUCTOR","DE",3.44E-2,27.52,1.4145750000000001,1131.6600000000001]
["7185608670",598,"PC","Mat Seal Cover Yellow","PT",4.8959999999999993E-3,2.9278079999999997,0.13998327759197324,83.71]
["7185922404",800,"PC","CRIMPING SLEEVE","DE",1.8039999999999997E-2,14.431999999999997,0.44030000000000002,352.24]
["7185945004",1600,"PC","RETAINING SLEEVE","DE",1.1000000000000001E-3,1.76,0.11,176]
["7185945104",1000,"PC","FORM SLEEVE","DE",6.4999999999999997E-3,6.5,0.28000000000000003,280]
["7185952651",400,"PC","Front Spacer Holder","MA",5.5999999999999991E-3,2.2399999999999998,0.16464999999999999,65.86]
["7185952740",201,"PC","Rear Spacer Holder","DE",3.0999999999999999E-3,0.62309999999999999,0.15497512437810945,31.15]
["7187105630",683,"PC","Connector 4p 025 Black","BE",9.9799999999999993E-3,6.8163399999999994,2.5124450951683749E-2,17.16]
["7188682650",602,"PC","INSULATION INSERT 8MM HV, 180 DEG","IT",4.8600000000000006E-3,2.9257200000000005,0.24,144.47999999999999]
["7189296130",469,"PC","Connector 6p 025 Black","FR",3.6429999999999995E-3,1.7085669999999997,4.9808102345415779E-2,23.36]
["7195033302",13500,"PC","Terminal SICMA Male 1.5mm Unsealed","FR",3.5999999999999999E-3,48.6,1.41E-2,190.35]
["7195114602",34000,"PC","Terminal unknown Male 1.2mm Unsealed","FR",2.16E-3,73.44,7.9799999999999992E-3,271.32]
["7195114702",76000,"PC","Terminal unknown Male 1.2mm Unsealed","FR",1.8599999999999999E-3,141.35999999999999,7.899999999999999E-3,600.4]
["7196012208",21000,"PC","Terminal MX 150 Female 1.5mm Unsealed","US",4.0000000000000001E-3,84,5.3359999999999998E-2,1120.56]
["7196121002",95000,"PC","Terminal OCS Female 1.2mm Unsealed","FR",1.6900000000000001E-3,160.55000000000001,7.7899999999999992E-3,740.05]
["7196125102",40000,"PC","Terminal OCS Female 1.2mm Unsealed","FR",1.5799999999999998E-3,63.199999999999996,8.0400000000000003E-3,321.60000000000002]
["7196164602",72000,"PC","Terminal MTS Female 0.64mm Unsealed","FR",1.0899999999999998E-3,78.47999999999999,5.6799999999999993E-3,408.95999999999992]
["7196164702",60000,"PC","Terminal MTS Female 0.64mm Unsealed","FR",1.0899999999999998E-3,65.399999999999991,5.7000000000000002E-3,342]
["7196200002",68000,"PC","NANOMQS TERMINAL PSA VERSION","DE",5.9999999999999995E-4,40.799999999999997,7.8600000000000007E-3,534.48]
["7196216802",21200,"PC","Terminal Sicma-3 Plus Female 1.5mm Unsea","FR",4.1999999999999997E-3,89.039999999999992,1.285E-2,272.42]
["7196232406",52500,"PC","FEMALE TERMINAL 0.63 GTS 04 CUS06","FR",1.2099999999999999E-3,63.524999999999999,1.3910095238095237E-2,730.28]
["7198396530",1192,"PC","Connector (IH) 14p DCS+MLK Black","MA",3.7429999999999998E-3,4.4616559999999996,5.451342281879195E-2,64.98]
["7198396690",1505,"PC","Connector (IH) 14p CTS+OCS Blue","MA",3.7340000000000003E-3,5.6196700000000002,4.5142857142857144E-2,67.94]
["7206378702",1700,"PC","POSITIVE BATTERY COLLAR","FR",7.1000000000000008E-2,120.70000000000002,1.9578529411764705,3328.35]
["7216778602",24000,"PC","Terminal MCON Female 1.2mm Sealed","DE",1.99E-3,47.76,1.3859999999999999E-2,332.64]
["7216786602",24000,"PC","Terminal MCON Female 1.2mm Sealed","ES",1E-3,24,1.3859999999999999E-2,332.64]
["7216786606",24000,"PC","Terminal MCP Female 1.2mm Sealed","DE",1.66E-3,39.840000000000003,1.6820000000000002E-2,403.68000000000006]
["7219182530",300,"PC","Connector 2p MQS Black","DE",3.529E-3,1.0587,0.18456666666666666,55.37]
["7219192930",1735,"PC","Modular Connector 20p Black","BE",5.0000000000000001E-3,8.6750000000000007,3.4449567723342935E-2,59.769999999999989]
["7234481870",208,"PC","Connector (OH) 26p MQS Yellow","FR",5.7879999999999997E-3,1.2039039999999999,0.18605769230769231,38.700000000000003]
["7234827470",1320,"PC","Connector (OH) 20p MPQ+MQS Yellow","CZ",1.2753999999999998E-2,16.835279999999997,0.16455303030303031,217.21]
["7238068330",200,"PC","Water Hose","PT",1.0550000000000002E-2,2.1100000000000003,0.52305000000000001,104.61]
["7238081430",160,"PC","Hose","PT",3.6400000000000002E-2,5.8239999999999998,1.4436875,230.99]
["7247003430",4000,"PC","Band Clip Assembly 155mm","PL",2E-3,8,4.768E-2,190.72]
["7252730830",1000,"PC","Band Clip Assembly 150mm","DE",2E-3,2,6.7540000000000003E-2,67.540000000000006]
["7252758030",300,"PC","FIXING COLLAR","FR",4.4999999999999997E-3,1.3499999999999999,0.12596666666666667,37.79]
["7271265130",280,"PC","Fuse Box Assembly","DE",3.0200000000000001E-2,8.4559999999999995,2.9246428571428571,818.9]
["7271279830",150,"PC","Fuse Box Assembly","PT",7.4999999999999997E-2,11.25,16.779333333333334,2516.9]
["7271279930",160,"PC","Fuse Box Assembly","PT",7.4999999999999997E-2,12,17.6074375,2817.19]
["7273421006",128,"PC","SHIELDING SLEEVE 180 DEG","DE",9.2500000000000013E-3,1.1840000000000002,1.02,130.56]
["7273782830",100,"PC","Bracket Assembly","PT",7.5900000000000009E-2,7.5900000000000007,0.86129999999999995,86.13]
["7274048530",450,"PC","Cover Assembly","MA",3.8999999999999998E-3,1.7549999999999999,0.37224444444444443,167.51]
["7274049230",205,"PC","Connector (OH) 18p MQS Black","FR",3.5000000000000001E-3,0.71750000000000003,0.16414634146341461,33.65]
["7274073390",756,"PC","Connector (OH) 12p MQS Blue","FR",3.7999999999999996E-3,2.8727999999999998,0.11866402116402115,89.71]
["7274166330",882,"PC","Connector (OH) 54p MQS Black","CN",1.5100000000000001E-2,13.318200000000001,0.26814058956916098,236.49999999999997]
["7274177350",160,"PC","2 POS. AMC MCP 6.3/4.8K, REC HSG ASSY","CZ",2.6860000000000002E-2,4.2976000000000001,2.8869375000000002,461.91]
["7274193860",339,"PC","Connector (OH) 76p MQS+NanoMQS Green","MA",8.8999999999999999E-3,3.0171000000000001,0.20522123893805308,69.569999999999993]
["7274206580",340,"PC","Connector (OH) 76p MQS Brown","CH",8.8000000000000005E-3,2.992,0.2050294117647059,69.710000000000008]
["7274256430",302,"PC","Connector (OH) 28p 040+110 Black","MA",1.8600000000000002E-2,5.6172000000000004,0.18115894039735098,54.709999999999994]
["7274257080",695,"PC","Connector (OH) 28p CTS+MLK Brown","MA",1.8610000000000002E-2,12.933950000000001,0.16778417266187051,116.61]
["7274257190",793,"PC","Connector (OH) 28p unknown Blue","MA",1.8600000000000002E-2,14.749800000000002,0.16847414880201769,133.60000000000002]
["7274257240",295,"PC","Connector (OH) 28p unknown Gray","MA",1.8600000000000002E-2,5.487000000000001,0.17569491525423728,51.83]
["7275192330",945,"PC","Front Door Grommet","MA",3.5000000000000003E-2,33.075000000000003,0.56908994708994709,537.79]
["7275210430",574,"PC","PASSEGAINE PIED AV.","ES",4.0400000000000005E-2,23.189600000000002,0.42707317073170725,245.13999999999996]
["7276808930",22,"PC","Channel Assembly","MA",1.6999999999999998E-2,0.37399999999999994,1.0240909090909092,22.53]
["7276855730",180,"PC","Channel Assembly","MA",3.1899999999999998E-2,5.742,1.1771666666666667,211.89000000000001]
["7276855830",360,"PC","Channel Assembly","MA",3.1600000000000003E-2,11.376000000000001,1.1772222222222222,423.79999999999995]
["7276855930",216,"PC","Channel Assembly","MA",2.2000000000000002E-2,4.7520000000000007,0.88282407407407404,190.69]
["7276856030",1464,"PC","Channel Assembly","MA",2.2000000000000002E-2,32.208000000000006,0.88274590163934441,1292.3400000000001]
["7276920730",50,"PC","Channel Assembly","PT",4.2500000000000003E-2,2.125,1.831,91.55]
["7282557010",100,"PC","Connector 4p 110 Dark Gray","JP",0.01,1,0.28539999999999999,28.54]
["7283376130",184,"PC","Connector 28p CMC+Other Black","CN",3.4799999999999998E-2,6.4032,0.9959782608695652,183.26]
["72833936",1355,"PC","Connector 2p NSCC White","US",1.6999999999999999E-3,2.3034999999999997,3.563837638376384E-2,48.29]
["728491563W",931,"PC","Channel","FR",3.5200000000000002E-2,32.7712,0.36834586466165409,342.92999999999995]
["7285007551",2050,"PC","PLUG ASSY HVA280 2PHI XE","MX",2.6235000000000001E-2,53.781750000000002,2.3165902439024393,4749.01]
["7285018706",12800,"PC","Terminal Other Male 6.0","CZ",1.244E-2,159.232,1.1719703125000001,15001.220000000001]
["7285057002",224,"PC","OUTER CONDUCTOR","HU",1.3358E-2,2.9921920000000002,1.1445982142857143,256.39]
["7285100951",256,"PC","Connector 2p MCON Orange","CZ",6.2E-2,15.872,6.5200000000000005,1669.1200000000001]
["7285104951",40,"PC","PLASTIC HOUSING ASSEMBLY","DE",3.0100000000000002E-2,1.2040000000000002,1.1597500000000001,46.39]
["7285126551",80,"PC","PLASTIC HOUSING","DE",9.9500000000000005E-2,7.9600000000000009,1.685125,134.81]
["728518063V",72,"PC","CHARGE INLET COMBO2 70SQMM","CZ",3.6740200000000001E-2,2.6452944,28.324166666666667,2039.34]
["7285182551",204,"PC","JACK","DE",8.5000000000000006E-2,17.34,1.68,342.71999999999997]
["7285184150",162,"PC","INSULATOR INTERFACE ASSEMBLY","DE",7.3300000000000004E-2,11.874600000000001,5.9659876543209878,966.49]
["7285188951",132,"PC","High power housing 4p Orange","MA",3.7000000000000005E-2,4.8840000000000003,1.8032575757575757,238.03]
["7285199830",648,"PC","COMBO 2 CHARGE INLET ASSY GEN3","MA",3.9718999999999997E-2,25.737911999999998,38.196234567901236,24751.16]
["7286366830",106,"PC","CONNECTOR","HU",1.1285E-2,1.19621,0.13075471698113206,13.859999999999998]
["7286713940",1705,"PC","Connector 6p SICMA Light Gray","FR",1.695E-2,28.899750000000001,0.44804105571847508,763.91]
["7287149830",2002,"PC","Connector 2p SL Black","HU",8.8309999999999986E-3,17.679661999999997,0.11798201798201798,236.2]
["7287412930",377,"PC","Connector 2p NG1 Black","BE",1.1884E-2,4.4802680000000006,0.33816976127320958,127.49000000000001]
["7287528030",588,"PC","Connector 6p SICMA Black","FR",1.302E-2,7.6557599999999999,0.23787414965986395,139.87]
["7287545730",792,"PC","Connector 3p 060 Black","HU",7.3720000000000001E-3,5.8386240000000003,0.12174242424242425,96.42]
["7287722530",624,"PC","Connector 2p 060 Black","HU",6.7599999999999995E-3,4.2182399999999998,0.12073717948717949,75.34]
["7287730130",200,"PC","Connector 4p 375+YESC Black","DE",2.0908999999999997E-2,4.1817999999999991,0.43290000000000001,86.58]
["7287801830",1500,"PC","46 WAY FEMALE HOUSING ASSY","MA",5.3899999999999997E-2,80.849999999999994,0.78154000000000001,1172.31]
["7287835430",264,"PC","Connector 3p SICMA Black","HU",7.1500000000000001E-3,1.8875999999999999,0.14984848484848487,39.56]
["7287837430",312,"PC","Connector 2p 060 Black","HU",6.1999999999999998E-3,1.9343999999999999,0.12153846153846154,37.92]
["7287872730",168,"PC","Connector 70p CTX150+CTX64+Other Black","CN",7.1528000000000008E-2,12.016704000000001,1.1157142857142857,187.44]
["7287992530",624,"PC","Connector 2p 060 Black","HU",6.2500000000000003E-3,3.9000000000000004,0.12168269230769233,75.930000000000007]
["7289414130",113,"PC","Connector 53p CP Black","CN",5.0799999999999998E-2,5.7404000000000002,1.0070796460176992,113.80000000000001]
["7289549330",787,"PC","Connector 1p CP 5 Black","CN",4.0289999999999996E-3,3.1708229999999995,0.40581956797966962,319.38]
["7289633770",500,"PC","Connector 22p 110+Other Yellow","HU",2.0500000000000001E-2,10.25,0.23382,116.91]
["7289780230",304,"PC","Connector 14p 047 (1.2) Black","PT",6.0599999999999994E-3,1.8422399999999999,9.5098684210526321E-2,28.91]
["7289783730",852,"PC","Connector 4p OCS Black","PT",2.7899999999999999E-3,2.3770799999999999,4.7464788732394361E-2,40.44]
["7289785830",674,"PC","Connector 2p NWP Black","PT",2.5000000000000001E-3,1.6850000000000001,4.8694362017804152E-2,32.82]
["7289885030",224,"PC","Connector 3p MCON Black","HU",2.9999999999999996E-3,0.67199999999999993,0.10312500000000001,23.1]
["7289937290",322,"PC","12P 2X2 8+10X1 2 NWP HYBRID SYSTEM CONNE","JP",6.5750000000000001E-3,2.1171500000000001,0.1555590062111801,50.089999999999989]
["72932262",1920,"PC","Change Relay","CN",1.1000000000000001E-2,21.12,0.49118229166666671,943.07]
["72932264",600,"PC","Change Relay","CN",3.7999999999999999E-2,22.8,0.75485000000000002,452.91]
["7296126508",52000,"PC","MQS GENERAL DRAWING TABLE SOCKET CONTACT","ES",1E-3,52,2.0590000000000001E-2,1070.68]
["7297072340",336,"PC","32CKT HYB H-MTD ASSY BLADE HSG","DE",1.8249999999999999E-2,6.1319999999999997,0.39630952380952378,133.16]
["7297072490",336,"PC","32CKT HYB H-MTD ASSY BLADE HSG","DE",1.8249999999999999E-2,6.1319999999999997,0.39624999999999994,133.13999999999999]
["7297634530",1881,"PC","Connector 32p 040+110+HFM Black","CH",2.4579999999999998E-2,46.234979999999993,0.43321105794790005,814.87]
["7297692330",100,"PC","Connector 22p DCS-2+MLK Black","PT",1.6999999999999998E-2,1.6999999999999997,0.18149999999999999,18.149999999999999]
["7297967580",671,"PC","Connector 35p MCON+OCS Brown","PT",1.6999999999999998E-2,11.406999999999998,7.4888226527570795E-2,50.25]
["7297967730",505,"PC","Connector 35p MCON Black","PT",1.6999999999999998E-2,8.5849999999999991,0.25750495049504951,130.04]
["72979717",672,"PC","32CKT HYB HSG ASSY BLADE HSG","PT",1.7899999999999999E-2,12.0288,0.35724702380952378,240.07]
["72980586",250,"PC","Connector 32p MCP White","DE",2.6540000000000001E-2,6.6350000000000007,0.47436,118.59]
["7298058740",500,"PC","32CKT HYB HSG ASSY RCPT HSG","DE",2.4799999999999999E-2,12.4,0.47433999999999998,237.17]
["7298058890",498,"PC","Connector 32p MCP Blue","DE",2.47E-2,12.300599999999999,0.47453815261044174,236.32]
["7298059160",250,"PC","Connector 32p MCP Green","DE",2.5000000000000001E-2,6.25,0.47448000000000001,118.62]
["7298117030",372,"PC","Connector 6p CTS Black","PT",5.6900000000000006E-3,2.1166800000000001,0.11868279569892473,44.15]
["7298268030",328,"PC","Connector 6p NG1 Black","CH",1.1999999999999999E-2,3.9359999999999995,0.38402439024390245,125.96000000000001]
["7298268130",800,"PC","Connector 3p NG1 Black","CH",1.1999999999999999E-2,9.6,0.26939999999999997,215.51999999999998]
["7298364430",833,"PC","Connector 20p CTS+NanoMQS Black","AT",2.3E-3,1.9158999999999999,0.1039015606242497,86.55]
["7298383760",191,"PC","Connector 3p NG1 Green","CH",1.1999999999999999E-2,2.2919999999999998,0.27178010471204189,51.910000000000004]
["7298490530",502,"PC","Connector 24p MCON+MCP Black","PT",4.7600000000000003E-2,23.895200000000003,0.52119521912350597,261.64]
["7298490790",351,"PC","Connector 24p MCON+MCP Blue","PT",4.7600000000000003E-2,16.707600000000003,0.5274643874643874,185.14]
["7298962040",200,"PC","Connector 16p MCON+MCP Gray","HU",3.0100000000000002E-2,6.0200000000000005,0.44719999999999999,89.44]
["7298971340",300,"PC","16 WAYS HYBRID SEALED FEMALE CONNECTOR","PT",2.8299999999999999E-2,8.49,0.44433333333333336,133.30000000000001]
["7298979130",500,"PC","35CKT HYB STD ASSY RCPT HSG","PT",2.5000000000000001E-2,12.5,0.34614,173.07]
["7298979380",661,"PC","Connector 35p MCP+OCS Brown","PT",2.5000000000000001E-2,16.525000000000002,0.34559757942511349,228.44000000000003]
["73756012",100,"PC","Multimedia harness 6500mm","PT",1.4200000000000001E-2,1.4200000000000002,5.1364000000000001,513.64]
["73756015",50,"PC","Multimedia harness 6220mm","PT",1.4E-2,0.70000000000000007,4.8572000000000006,242.86000000000004]
["73756016",200,"PC","Multimedia harness 4440mm","PT",8.0999999999999989E-2,16.2,2.8445999999999998,568.91999999999996]
["73756397",200,"PC","SRXG CONNECTOR L1 2065 L2 805","PT",2.5010000000000001E-2,5.0019999999999998,0.84379999999999999,168.76]
["74754035",450,"PC","Multimedia harness 1005mm","PT",1.9E-2,8.5499999999999989,1.1147333333333334,501.63]
["74754313",500,"PC","Multimedia harness 460mm","PT",1E-4,0.05,2.2176399999999998,1108.82]
["74754317",300,"PC","Multimedia harness 980mm","PT",1E-4,3.0000000000000002E-2,2.4138999999999999,724.17]
["74754322",400,"PC","Multimedia harness 1385mm","PT",1E-4,0.04,1.89175,756.7]
["74754519",100,"PC","Multimedia harness 4955mm","PT",1E-4,0.01,2.9336000000000002,293.36]
["74754526",300,"PC","Multimedia harness 2830mm","PT",5.8999999999999997E-2,17.7,2.5713666666666666,771.41]
["74754579",140,"PC","SQUIB HARNESS","FR",5.4999999999999993E-2,7.6999999999999993,1.1528571428571428,161.4]
["74754581",360,"PC","SQUIB HARNESS","FR",7.4999999999999997E-2,27,1.3669444444444445,492.1]
["74754585",540,"PC","SQUIB HARNESS","FR",4.4999999999999998E-2,24.3,1.0511481481481482,567.62]
["74754613",200,"PC","SQUIB HARNESS L1=6880 L2=1410","FR",1.0200000000000001E-2,2.04,1.7087999999999999,341.76]
["74754614",480,"PC","SQUIB HARNESS L1=3290 L2=2340","FR",4.9000000000000002E-2,23.52,1.2254791666666667,588.23]
["74755373",500,"PC","CABLE ASSEMBLY L4385","PT",1.3762E-2,6.8810000000000002,2.7626999999999997,1381.35]
["74755864",260,"PC","SRQX CONNECTOR","PT",9.9900000000000003E-2,25.974,0.59953846153846158,155.88]
["74755865",320,"PC","SRQX CONNECTOR","PT",9.9900000000000003E-2,31.968,0.91400000000000003,292.48]
["74755875",260,"PC","SRQX CONNECTOR","PT",9.9900000000000003E-2,25.974,0.61130769230769233,158.94]
["X1PO8575",2750,"PC","P2 X1PO8575","PT",3.0200000000000001E-3,8.3049999999999997,0.25445090909090912,699.74000000000012]
[null,null,null,null,null,null,null,null,119345.38000000006]
[null,null,null,null,null,null,null,null,null,"PACKAGING WEIGHT :"]
[null,null,null,null,null,null,"Gross Weight (KG) ",null,6443.6990914000025,1664.7]
[null,null,null,null,null,null,"Net Weight (KG) ",null,4778.9990914000027]
[null,null,null,null,null,null,"Volume",null,"55P"]